00856cam a2200241 a 4500020001500000040000800015082002600023245006500049260005900114300004100173500005700214500005800271500007500329650002500404650002500429650002500454650002000479650003800499700001800537700002000555700001900575700002000594 a0958665745 cDLC00a940 OCE 1999 A099 Or.03aEl Tigre :bFrank Holland, M.B.E. - commando, coastwatcher / aYarram, Vic., Australia :bOceans Enterprises,c[1999] a193, [32] p. :bill., maps ;c25 cm. a"Based on the files of Lt. Frank Holland"--P. [iii]. a"Wartime rescue operations in New Britain"--P. [iii]. a"'Z' Special Unit operations in Portugese Timor and Borneo"--P. [iii]. 0aWorld War, 1939-1945 0aWorld War, 1939-1945 0aWorld War, 1939-1945 0aCommando troops 0aSpecial forces (Military science)1 aStone, Peter,1 aHolland, Mabel.1 aHolland, John,1 aHolland, Frank,